[Event "Swiss Queens Wed #13"]
[Site "FIDE Online Arena INT"]
[Date "2024.04.24"]
[Round "10"]
[White "Bashirli, Saadat"]
[Black "Ambartsumova, Karina"]
[Result "0-1"]
[WhiteElo "1800"]
[BlackElo "2406"]
[PlyCount "158"]
[EventDate "2024.04.24"]
[EventType "swiss (blitz)"]
[EventRounds "11"]
[EventCountry "NET"]
[SourceTitle "CB18_2024"]
[SourceDate "2024.05.01"]
[SourceVersion "1"]
[SourceVersionDate "2024.05.01"]
[SourceQuality "2"]

1. d4 Nf6 2. c4 e6 3. Nc3 d5 4. cxd5 exd5 5. Bg5 c6 6. e3 Be7 7. Qc2 Nbd7 8. Bd3 h6 9. Bh4 Nh5 10. Bxe7 Qxe7 11. Nge2 Nb6 12. 0-0 0-0 13. Rad1 Bd7 14. Ng3 Nxg3 15. hxg3 f5 16. Na4 Nc8 17. Nc5 Nd6 18. Rfe1 Rae8 19. Rc1 Bc8 20. b4 a6 21. a4 h5 22. b5 axb5 23. axb5 h4 24. gxh4 Qxh4 25. bxc6 bxc6 26. Nb3 Re6 27. g3 Qh5 28. Qe2 Qe8 29. Na5 Bd7 30. Qf3 Ne4 31. Nb7 Rh6 32. Qg2 Qh5 33. Be2 Qe8 34. Bf3 Ng5 35. Nc5 Bc8 36. Nd3 Ba6 37. Ne5 Nh3+ 38. Kh2 Nf4+ 39. Kg1 Nxg2 40. Kxg2 Bb5 41. Ra1 Qe7 42. Ra2 Qg5 43. Rea1 Re6 44. Ra7 Re7 45. R7a5 Rb7 46. R5a3 Qf6 47. Rc3 Qd6 48. Rac1 Rb6 49. Rc5 Ra8 50. R5c2 Ra3 51. Rh1 Bd3 52. Rd2 Be4 53. Bxe4 fxe4 54. Rh4 Ra8 55. Rd1 Kf8 56. Rdh1 Ke7 57. Rh7 Rg8 58. R1h4 Rb2 59. Rg4 Qa3 60. Rf4 Qa2 61. Rf7+ Ke8 62. Rh5 Rf8 63. Rxf8+ Kxf8 64. Rf5+ Kg8 65. Rf7 Rc2 66. Rf5 c5 67. dxc5 Rxc5 68. Nd7 Rc8 69. Ne5 Qe2 70. Ng6 Re8 71. Rxd5 Qf3+ 72. Kg1 Qf7 73. Rg5 Qf6 74. Rg4 Qf3 75. Rg5 Qd1+ 76. Kg2 Qf3+ 77. Kg1 Ra8 78. Rc5 Ra1+ 79. Kh2 Rh1# 0-1

[Event "Swiss Queens Wed #13"]
[Site "FIDE Online Arena INT"]
[Date "2024.04.24"]
[Round "2"]
[White "Bashirli, Saadat"]
[Black "Injac, Teodora"]
[Result "1/2-1/2"]
[WhiteElo "1800"]
[BlackElo "2422"]
[PlyCount "206"]
[EventDate "2024.04.24"]
[EventType "swiss (blitz)"]
[EventRounds "11"]
[EventCountry "NET"]
[SourceTitle "CB18_2024"]
[SourceDate "2024.05.01"]
[SourceVersion "1"]
[SourceVersionDate "2024.05.01"]
[SourceQuality "2"]

1. d4 Nf6 2. c4 e6 3. Nc3 d5 4. cxd5 exd5 5. Bg5 Be7 6. e3 c6 7. Qc2 h6 8. Bh4 0-0 9. Bd3 Re8 10. Nge2 b6 11. 0-0 Nbd7 12. f3 c5 13. Rad1 Bb7 14. Qb1 Nh5 15. Bxe7 Qxe7 16. e4 cxd4 17. Nxd4 Nf4 18. Bc2 Qg5 19. g3 Nf6 20. Kh1 Ne6 21. f4 Qh5 22. e5 Ng4 23. h4 Ne3 24. Rd2 Qg4 25. Kh2 Nxf1+ 26. Qxf1 Nxd4 27. Rxd4 Qe6 28. Qd1 Rad8 29. Nb5 Bc8 30. Qf3 Qh3+ 31. Kg1 Bf5 32. Bxf5 Qxf5 33. Nd6 Qb1+ 34. Rd1 Qxb2 35. Nxe8 Rxe8 36. Qxd5 Rc8 37. Rd2 Rc1+ 38. Kg2 Qb1 39. Qd8+ Kh7 40. Qd3+ Qxd3 41. Rxd3 Rc2+ 42. Kf3 Rxa2 43. Rd7 Kg8 44. Rd8+ Kh7 45. Rd7 Kg6 46. h5+ Kxh5 47. Rxf7 Kg6 48. Rd7 Ra3+ 49. Kg4 h5+ 50. Kh4 a5 51. Rd6+ Kf5 52. Rxb6 a4 53. Kh3 g6 54. Rb2 Rb3 55. Ra2 a3 56. Ra1 Ke6 57. Rd1 Rc3 58. Rd6+ Kf5 59. Ra6 Ke4 60. Ra7 Kf3 61. e6 Kf2 62. e7 Rxg3+ 63. Kh2 Re3 64. Rxa3 Rxe7 65. Ra2+ Kf3 66. Ra4 Kg4 67. Ra6 Rg7 68. Ra5 Kxf4 69. Kh3 Ke4 70. Ra4+ Kf5 71. Ra5+ Kf6 72. Ra6+ Kg5 73. Ra5+ Kh6 74. Kh4 Re7 75. Ra6 Re4+ 76. Kg3 Rb4 77. Ra5 Rc4 78. Ra6 Kg5 79. Ra5+ Kf6 80. Ra6+ Kf5 81. Ra5+ Kf6 82. Ra6+ Kg7 83. Ra7+ Kh6 84. Ra6 h4+ 85. Kh3 Kh5 86. Ra8 Rc3+ 87. Kg2 g5 88. Rh8+ Kg4 89. Ra8 Rc2+ 90. Kg1 Kh3 91. Ra3+ Kg4 92. Ra4+ Kh5 93. Kh1 h3 94. Kg1 g4 95. Kh1 Kh4 96. Kg1 Rc1+ 97. Kh2 Rc2+ 98. Kg1 Rd2 99. Rb4 h2+ 100. Kh1 Re2 101. Ra4 Rd2 102. Rb4 Kg3 103. Rxg4+ Kxg4 1/2-1/2

[Event "Titled Tuesday intern op 02nd Apr Early"]
[Site "Chess.com INT"]
[Date "2024.04.02"]
[Round "8"]
[White "Bashirli, Saadat"]
[Black "Steiner, Tim C"]
[Result "1-0"]
[WhiteElo "1800"]
[BlackElo "1864"]
[PlyCount "95"]
[EventDate "2024.04.02"]
[EventType "swiss (blitz)"]
[EventRounds "11"]
[EventCountry "USA"]
[SourceTitle "CB15_2024"]
[SourceDate "2024.04.10"]
[SourceVersion "1"]
[SourceVersionDate "2024.04.10"]
[SourceQuality "1"]

1. d4 c5 2. e3 Nf6 3. c3 d5 4. Bd3 e6 5. Nf3 Nc6 6. 0-0 Qc7 7. Re1 Bd6 8. Nbd2 0-0 9. e4 cxd4 10. cxd4 dxe4 11. Nxe4 Nxe4 12. Bxe4 f5 13. Bd3 Nb4 14. Bb1 Bd7 15. a3 Nd5 16. Ba2 Rae8 17. Bd2 Qd8 18. Rc1 Qf6 19. Bg5 Qg6 20. Bxd5 exd5 21. Qb3 Bc6 22. Bd2 f4 23. Bb4 Bxb4 24. Qxb4 Re4 25. Rxe4 dxe4 26. Ne5 Qe6 27. Nxc6 bxc6 28. Qc5 Rd8 29. Qxa7 Qd5 30. Qe7 f3 31. g3 Qxd4 32. h4 Qd6 33. Qb7 Qd2 34. Qxc6 e3 35. Qe6+ Kh8 36. Qxe3 Qxe3 37. fxe3 Kg8 38. Rc2 Rd3 39. Kf2 Kf7 40. Kxf3 Ke6 41. a4 Ke5 42. Rc5+ Kd6 43. b4 Rb3 44. Rb5 Ra3 45. a5 Kc6 46. Rb6+ Kc7 47. Kf4 Ra4 48. e4 1-0

[Event "Swiss Queens Wed #9"]
[Site "FIDE Online Arena INT"]
[Date "2024.03.27"]
[Round "8"]
[White "Bashirli, Saadat"]
[Black "Vantika, Agrawal"]
[Result "0-1"]
[WhiteElo "1803"]
[BlackElo "2398"]
[PlyCount "54"]
[EventDate "2024.03.27"]
[EventType "swiss (blitz)"]
[EventRounds "11"]
[EventCountry "NET"]
[SourceTitle "CB14_2024"]
[SourceDate "2024.04.01"]
[SourceVersion "1"]
[SourceVersionDate "2024.04.01"]
[SourceQuality "1"]

1. d4 Nf6 2. c4 g6 3. Nc3 Bg7 4. e4 d6 5. Be2 0-0 6. Bg5 c5 7. d5 e6 8. Nf3 exd5 9. exd5 Qb6 10. Qd2 Bf5 11. 0-0 Ne4 12. Nxe4 Bxe4 13. Bd3 Bxf3 14. gxf3 Nd7 15. Rab1 Rfe8 16. b3 Qc7 17. Rfe1 Bf6 18. Bxf6 Nxf6 19. Qg5 Kg7 20. f4 Qa5 21. Rxe8 Rxe8 22. a4 Qd2 23. Bf1 Ne4 24. Qg2 Nc3 25. Ra1 Qb2 26. f5 Qxa1 27. fxg6 hxg6 0-1

[Event "Swiss Queens Wed #9"]
[Site "FIDE Online Arena INT"]
[Date "2024.03.27"]
[Round "6"]
[White "Shubenkova, Veronika"]
[Black "Bashirli, Saadat"]
[Result "0-1"]
[WhiteElo "2007"]
[BlackElo "1803"]
[PlyCount "98"]
[EventDate "2024.03.27"]
[EventType "swiss (blitz)"]
[EventRounds "11"]
[EventCountry "NET"]
[SourceTitle "CB14_2024"]
[SourceDate "2024.04.01"]
[SourceVersion "1"]
[SourceVersionDate "2024.04.01"]
[SourceQuality "1"]

1. d4 d5 2. e3 Nf6 3. f4 Bg4 4. Nf3 e6 5. Be2 Bxf3 6. Bxf3 c5 7. c3 Nc6 8. 0-0 cxd4 9. exd4 Bd6 10. Qe2 0-0 11. g4 Qc7 12. Bg2 Rfe8 13. g5 Nd7 14. Be3 Nf8 15. Nd2 Ne7 16. Rf3 Nf5 17. Raf1 Ng6 18. Bh3 Nxe3 19. Qxe3 Nxf4 20. Rxf4 Bxf4 21. Rxf4 e5 22. Rh4 exd4 23. Qd3 g6 24. Rxd4 Rad8 25. Nf3 Qe7 26. Kf2 a6 27. Bg2 Qe6 28. h4 b5 29. Kg3 Qd6+ 30. Kf2 Qc5 31. h5 Re4 32. hxg6 hxg6 33. Nh2 Rxd4 34. cxd4 Qd6 35. Ng4 Qf4+ 36. Qf3 Qxg5 37. Nf6+ Kg7 38. Ng4 Qd2+ 39. Kg3 Qxd4 40. b3 f5 41. Ne3 Rh8 42. Qf4 Qxf4+ 43. Kxf4 d4 44. Nd5 Rd8 45. Ke5 d3 46. Bf3 d2 47. Kd4 g5 48. Kd3 g4 49. Bh1 d1Q+ 0-1

[Event "EU-ch U12 Girls 31st"]
[Site "Mamaia"]
[Date "2023.09.07"]
[Round "3"]
[White "Bashirli, Saadat"]
[Black "Mierina, Lauma"]
[Result "1-0"]
[WhiteElo "1559"]
[BlackElo "1346"]
[PlyCount "119"]
[EventDate "2023.09.05"]
[EventType "swiss"]
[EventRounds "9"]
[EventCountry "ROU"]
[SourceTitle "EXT 2024"]
[Source "ChessBase"]
[SourceDate "2023.10.10"]
[SourceVersion "1"]
[SourceVersionDate "2023.10.10"]
[SourceQuality "1"]

1. d4 d5 2. c4 e6 3. Nc3 Nf6 4. cxd5 exd5 5. Bg5 c6 6. e3 Be7 7. Qc2 Nbd7 8. Bd3 Nh5 9. Bxe7 Qxe7 10. Nge2 g6 11. 0-0 0-0 12. Rad1 Ng7 13. Ng3 Nf6 14. Rfe1 Re8 15. f3 b6 16. e4 dxe4 17. fxe4 Bb7 18. e5 Nd5 19. Nge4 Kh8 20. Qf2 Rf8 21. Nf6 Ne8 22. Nfe4 Rd8 23. Rf1 Rd7 24. Qg3 Nxc3 25. bxc3 c5 26. Ng5 h6 27. e6 fxe6 28. Qe5+ Ng7 29. Rxf8+ Qxf8 30. Rf1 Qg8 31. Nh3 Rd5 32. Qf6 cxd4 33. Nf4 Rg5 34. Nxg6+ Rxg6 35. Qxg6 Nf5 36. Bxf5 exf5 37. Qxh6+ Qh7 38. Qxh7+ Kxh7 39. Rxf5 Kg6 40. Rf4 dxc3 41. Rc4 Bd5 42. Rxc3 Bxa2 43. Ra3 Bc4 44. Rxa7 b5 45. Rb7 Kf5 46. Kf2 Kf4 47. h4 Kg4 48. g3 Kf5 49. Ke3 Kg4 50. Rg7+ Kh5 51. Kf4 b4 52. g4+ Kh6 53. Rb7 b3 54. Rb6+ Kg7 55. Kg5 Kf7 56. h5 Kg7 57. Rb7+ Kg8 58. h6 Bd5 59. Rb8+ Kh7 60. Kf6 1-0